| 000 | 00880nam a22002657a 4500 | ||
|---|---|---|---|
| 005 | 20140107155258.0 | ||
| 010 | _aENG-108947 | ||
| 020 |
_a9781259097249 _c599.00 |
||
| 020 |
_a1259097242 _c599.00 |
||
| 035 | _aEN-92480 | ||
| 037 | _bDBAD/PUB | ||
| 082 |
_222 _a658.11 |
||
| 100 | _aDorf, Richard C. | ||
| 245 |
_aTechnology ventures : _cby Richard C. Dorf [and] Thomas H. Byers _bfrom idea to enterprise / |
||
| 250 | _a2nd ed | ||
| 260 |
_aNew Delhi _bMcGraw Hill Education _c2013 |
||
| 270 |
_aP-24,Green Park Extension _bNew Delhi _e110016 |
||
| 300 |
_axx, 658p. : _c24cm(pbk) _bill. _e1 CD-ROM. |
||
| 500 | _aIncludes bibliographical references and index | ||
| 650 | _a Information technology | ||
| 650 | _aEntrepreneurship | ||
| 650 | _aNew business enterprises | ||
| 700 |
_aByers, Thomas _q(Thomas H.) |
||
| 942 |
_2ddc _cEN _mDOR _h658.11 |
||
| 999 |
_c81498 _d81498 |
||